• 首页
  • 本馆介绍
  • 公告通知
  • 最新文献
  • 馆藏检索
  • 电子资源
  • 读者导购
  • 参考咨询
  • 我的图书馆
  • 登录
  • 详细信息显示
  • 放入我的书架
  • 预约/预借图书
  • 作者相关作品
  • 分类相关作品
  • 丛书相关作品
  • 出版社相关作品

书目信息

  • 表格格式
  • 工作单格式
  • 卡片格式
题名:
日本留学面试全攻略
    
 
作者: 目黑真実 著 ;姚莉萍 译
分册:  
出版信息: 北京   外语教学与研究出版社  2004
页数: 309页
开本: 20cm
丛书名:
单 册:
中图分类: H360.41
科图分类:
主题词: 留学生教育--简介--日本 , 留学生教育 , 日语
电子资源:
ISBN: 7-5600-3807-7
000 00853nam0 2200253 450
001 002708392
005 20061109091636.18
010    @a7-5600-3807-7@dCNY14.90
100    @a20040824d2004 em y0chiy0110 ea
101 1  @achi@ajpn@cjpn
102    @aCN@b110000
105    @aa z 000yy
200 1  @a日本留学面试全攻略@9ri ben liu xue mian shi quan gong lüe@f(日)目黑真实著@g姚莉萍译
210    @a北京@c外语教学与研究出版社@d2004
215    @a309页@c图@d20cm
330    @a本书对留学日本的面试准备、形式及其评价标准,面试中关键问题及回答方法,以及“报考理由书”的写法等进行介绍。
606 0  @a留学生教育@x简介@y日本
606 0  @a留学生教育
606 0  @a日语
690    @aH360.41@v4
701  0 @c(日)@a目黑真実@9mu hei zhen shi@c(日语教育家)@4著
702  0 @a姚莉萍@9yao li ping@4译
801  0 @aCN@bNLC@c20061109
905    @a10447@dH360.41@e370
    
    日本留学面试全攻略/(日)目黑真实著/姚莉萍译.-北京:外语教学与研究出版社,2004
    309页:图;20cm
    
    
    ISBN 7-5600-3807-7:CNY14.90
    本书对留学日本的面试准备、形式及其评价标准,面试中关键问题及回答方法,以及“报考理由书”的写法等进行介绍。
●
相关链接 在E读中查询图书 在五车中查询图书 在当当中查询图书 在豆瓣中查询图书


正题名:日本留学面试全攻略     索取号:H360.41/370         预约/预借

序号 登录号 条形码 馆藏地/架位号 状态 备注
1 0385840   203858405   第二样本阅览室/ [索取号:H360.41/370] 在馆    
2 0385841   203858414   第四借阅区/ [索取号:H360.41/370] 在馆    
3 0385842   203858423   第四借阅区/ [索取号:H360.41/370] 在馆    
4 0385843   203858432   第四借阅区/ [索取号:H360.41/370] 在馆    
5 0385844   203858441   第四借阅区/ [索取号:H360.41/370] 在馆    
唐山师范学院图书馆 欢迎您!
大连网信软件有限公司© 版权所有